Lyrics: Ski Aggu & Joost - Friesenjung - Statistiken

Allgemein
  • Dieses Quiz wurde 62 mal gespielt
  • Das Durchschnittsergebnis liegt bei 207 aus 330
Antwortstatistiken
Textquiz % Korrekt
bin
100%
Bin
100%
ein
100%
Friesen-
100%
ich
100%
Ich
100%
‘ne
100%
Friesenjung
98%
Klein
98%
eine
95%
kleiner
93%
ein‘n
91%
und -
85%
und
85%
Und
85%
und-
85%
wo
85%
Deich
78%
(Oh)
78%
oh
78%
Oh
78%
wohne
78%
hinterm
76%
da
71%
wir
69%
doch
65%
Jo-
65%
Das
64%
das
64%
kein
64%
nicht
64%
der
62%
wie
62%
Wie
62%
Aggu)
60%
“Aggu
60%
Aggu
60%
deine
60%
du
60%
(Ja)
60%
Ja
60%
Schwester
60%
die
58%
ist
58%
Joost
58%
Sie
58%
sie
58%
eine
56%
Berlin
55%
den
55%
Es
55%
es
55%
hör
55%
In
55%
in
55%
küsse
53%
Wein
53%
Berliner
51%
Feinschmecker
51%
Junge“
51%
lecker
51%
schon
51%
Frise
49%
geile
49%
Kindl
49%
mit
49%
nie
49%
finde
47%
geh‘
47%
hast
47%
Motherfucker
47%
nur
47%
hab’
45%
hab‘
45%
Kenner
45%
Niederlande
45%
sind
45%
ware
45%
Friesenjunge
44%
sagt
44%
sagt:
44%
wieder
44%
“Ik
42%
auf
40%
Land
40%
noch
40%
betrunken
38%
Brecher
38%
Hier
38%
mies
38%
paar
38%
Ski
38%
wird
38%
hören
36%
simpel
36%
Crazy-
35%
einfach
35%
eingebrochen
35%
Jahre
35%
mich
35%
nachts
35%
Ostfriesland
35%
raus
35%
schöne
35%
schönes
35%
Schweiz
35%
Windel
35%
Gigi
33%
Heineken
33%
Österreich
33%
trug
33%
weiß
33%
Bier
31%
Friesenleben
31%
gehört
31%
Rotwein
31%
alt
29%
Frog-
29%
fühle
29%
fünf
29%
Gabber
29%
Hamburg
29%
ihn
29%
Kassette
29%
mir
29%
Niederlanden
29%
Stuttgart
29%
dunkel
27%
habe
27%
hell
27%
man:
27%
Mh
27%
München
27%
Sprache
27%
verstanden
27%
(Yeah
27%
Chinapfanne
25%
gerne
25%
jetzt
25%
später
25%
wurde
25%
Zwanzig
25%
landen
24%
sehr
24%
ding-
22%
ding)
22%
esse
22%
sprech‘
22%
werd‘
22%
zwischenzeitlich
22%
dazu
20%
friesisch-
20%
Heute
20%
Joosts
20%
Keulen
20%
maak
20%
Magic-
20%
D‘Agostino
18%
Gesetze
18%
herbes
18%
Trüffels
18%
hol‘
16%
meinten
16%
Riddle“
16%
(Ring-
16%
“The
16%
abow
15%
Koteletten
15%
top
13%
(Ey)
11%
ey
11%
korte
7%
metten“
7%
okay)
7%
(Woah)
5%
(Yes)
4%
(Hehe)
2%
(Yeehaw
0%
Keine übereinstimmenden Quizze gefunden
Verteilung der Resultate
Anzahl Personen mit jedem Resultat
Perzentil nach korrekt beantworteten Fragen
Ihre Resultats-Entwicklung
Sie haben dieses Quiz noch nicht gespielt